Movie General Knowledge #4 - Statistics

General Stats
  • This quiz has been taken 22 times
  • The average score is 6 of 15
Answer Stats
Hint Answer % Correct
What year did Fight Club ans The Matrix come out? 1999
72%
Which country did Forrest Gump travel to as a part of the All-American ping pong team? China
72%
Who plays Private Ryan, in Saving Private Ryan? Matt Damon
67%
Complete the quote from Apocalypse Now. " I like the smell of ______ in the morning." Napalm
56%
Who killed Jabba The Hutt? Princess Leia
50%
What sport is played in the Big Lebowski? Bowling
44%
Which planet does the crew in 2001: A Space Odyssey travel to? Jupiter
44%
Who directed The Social Network? David Fincher
39%
What is Star lord's real name? Peter Quill
39%
What is Val Kilmer's call sign in Top Gun? Iceman
33%
Which item is in every Fight Club scene? Starbucks cup
28%
Which famous line from Jaws was ad-libbed? You're gonna need a bigger boat
22%
What is the name of Rapunzel’s pet chameleon in Tangled? Pascal
11%
Who was Anakin Skywalker's Padawan? Ashoka Tano
6%
Which character in The Godfather is nicknamed “The Turk”? Virgil Sollozzo
0%
No matching quizzes found
Score Distribution
Percent of People with Each Score
Percentile by Number Answered
Your Score History
You have not taken this quiz